| 000 | 00393nam a2200169Ia 4500 | ||
|---|---|---|---|
| 008 | 230524s9999 xx 000 0 und d | ||
| 020 | _a9788120329782 | ||
| 082 |
_a174.4 _bPRA |
||
| 100 | _aKesho Prasad | ||
| 245 | 0 | _aCorporate Governance | |
| 250 | _aIST | ||
| 260 |
_aNEW DELHI _bPHI _c2009 |
||
| 300 | _aVI;294 | ||
| 500 | _aQuantity Number: 2 | ||
| 650 | _aManagement | ||
| 942 | _cBK | ||
| 999 |
_c45554 _d45554 |
||